000
00255 a2200109 4500
000
nam a22 7a 4500
005
20251127113516.0
100
_a
Burhan, Mohammad Hussain
_9
853151
245
_a
Burhan qatie 5 vol. set
260
_c
1983
942
_c
REF
999
_c
1465548
_d
1465548